00812naa#a2200193#i#4500001001600000005001700016011001400033100004100047102000700088200018600095210011000281215001000391608002700401675005700428700003400485700003200519700003700551856003000588EN\\bibl\11938720260430114401.4##a1994-4683##a20260429b2026####ek#y0engy0150####ca##aRU1#aDynamics of sports performance and coordination abilities in a female swimmer with intellectual disability during long-term training in the Special Olympics programeJournal article1#aMoscowcNational State University of Physical Education, Sports and Health named after P.F. Lesgaftd2026##a7 с.##aJournal article2local##aСпортивные результаты. 796.015.8#1aAshkinazigSergey Maksimovich#1aSytnikgGalina Vladimirovna#1aPetruninagSvetlana Valentinovna4#auchzapiski.lesgaft.spb.ru